| 000 | 00583nam a2200205 4500 | ||
|---|---|---|---|
| 001 | 36533 | ||
| 003 | BD-RjUL | ||
| 005 | 20211209052512.0 | ||
| 008 | 140625s1979 bg |||| |||| 001 0 eng d | ||
| 035 | _a(BD-RjUL)36633 | ||
| 040 |
_aBD-RjUL _beng _cBD-RjUL |
||
| 041 | _aeng | ||
| 082 |
_bAKS 1979 _a363.905492 |
||
| 100 | 1 |
_aAkbar, Md. Ali. _9103939 |
|
| 245 | 1 | 2 |
_aA study on the barriers to population control in bangladesh / _cMd. Ali Akbar. |
| 260 |
_aDacca : _bUGC, _c1979. |
||
| 300 |
_a59 p. ; _c27 cm. |
||
| 650 | 0 | 7 |
_aPopulation control-Bangladesh. _9111271 |
| 942 |
_2ddc _cBK |
||
| 999 |
_c36533 _d36533 |
||